[Event "2MCR_3DE_1L_2S"]
[Site "?"]
[Date "2007.??.??"]
[Round "?"]
[White "Hala, Martin"]
[Black "Pecka, Josef"]
[Result "1/2-1/2"]
[WhiteElo "2368"]
[BlackElo "2290"]
[Annotator "038"]
[PlyCount "67"]
[EventDate "2007.??.??"]
[EventType "corr"]
[EventRounds "1"]
[SourceDate "2007.01.28"]

1. e4 e6 2. d4 d5 3. Nd2 Nf6 4. e5 Nfd7 5. Bd3 c5 6. c3 Nc6 7. Ne2 cxd4 8. cxd4
f6 9. Nf4 Nxd4 10. Qh5+ Ke7 11. exf6+ Nxf6 12. Ng6+ hxg6 13. Qxh8 Kf7 14. Qh4
e5 15. Nf3 Nxf3+ 16. gxf3 Bf5 17. Bxf5 gxf5 18. Bg5 Qa5+ 19. Kf1 Be7 20. b4
Qxb4 21. Qxb4 Bxb4 22. Rb1 a5 23. a3 Bxa3 24. Rxb7+ Ke6 25. Rxg7 Ne8 26. Rg6+
Kf7 27. Rb6 Bd6 28. h4 a4 29. h5 a3 30. Ke2 Ra7 31. Rc6 e4 32. Be3 Ra4 33. h6
exf3+ 34. Kxf3 1/2-1/2

[Event "2MCR_3DE_1L_2S"]
[Site "?"]
[Date "2007.??.??"]
[Round "?"]
[White "Nepustil, Frantisek"]
[Black "Valak, Alois"]
[Result "1/2-1/2"]
[WhiteElo "2335"]
[BlackElo "2353"]
[Annotator "039"]
[PlyCount "49"]
[EventDate "2007.??.??"]
[EventType "corr"]
[EventRounds "1"]
[SourceDate "2007.01.28"]

1. e4 e5 2. f4 exf4 3. Bc4 Qh4+ 4. Kf1 d6 5. Nc3 Be6 6. Bb3 Na6 7. d4 O-O-O 8.
Nf3 Qf6 9. h4 h6 10. Kg1 Be7 11. h5 g5 12. hxg6 Qxg6 13. Bxf4 h5 14. Nh4 Qg7
15. Qd2 Bf6 16. Be3 Nh6 17. Nd5 Bxd5 18. Bxd5 c6 19. Bb3 Ng4 20. Nf5 Qg6 21.
Bf4 d5 22. Nd6+ Rxd6 23. Bxd6 Rd8 24. Bf4 dxe4 25. c3 1/2-1/2

[Event "2MCR_3DE_1L_2S"]
[Site "?"]
[Date "2007.??.??"]
[Round "?"]
[White "Postl, Rostislav"]
[Black "Valak, Alois"]
[Result "1-0"]
[WhiteElo "2340"]
[BlackElo "2353"]
[Annotator "040"]
[PlyCount "111"]
[EventDate "2007.??.??"]
[EventType "corr"]
[EventRounds "1"]
[SourceDate "2007.01.28"]

1. e4 e5 2. Nf3 Nc6 3. Bb5 Nf6 4. O-O Nxe4 5. d4 Nd6 6. Bxc6 dxc6 7. dxe5 Nf5
8. Qxd8+ Kxd8 9. Nc3 Ne7 10. Ne4 Ke8 11. Re1 Ng6 12. Bd2 Be7 13. h3 Be6 14. Nd4
Rd8 15. Nxe6 fxe6 16. f4 h5 17. g3 h4 18. g4 Rd4 19. Re2 Rf8 20. Rf1 b5 21. Bc1
Rd7 22. b3 Rd5 23. f5 exf5 24. gxf5 Nxe5 25. Nc3 Rc5 26. Ba3 Rxc3 27. Rxe5 c5
28. Rfe1 Rg3+ 29. Kh2 Kd8 30. Rxe7 Rxf5 31. R7e2 Rff3 32. Bxc5 Rxh3+ 33. Kg1
Rfg3+ 34. Rg2 Rxg2+ 35. Kxg2 Rc3 36. Be7+ Kd7 37. Re2 Rg3+ 38. Kh2 g5 39. Bc5
a6 40. Bb4 Kc6 41. Be1 Rf3 42. Rf2 Re3 43. Bd2 Rg3 44. Rg2 Rxg2+ 45. Kxg2 g4
46. Bf4 Kb6 47. Kh2 Kc6 48. a3 Kb6 49. Kg2 Kc6 50. Kf2 Kb6 51. Bg5 h3 52. Bf4
a5 53. a4 Kc5 54. axb5 Kxb5 55. Bxc7 a4 56. bxa4+ 1-0

[Event "2MCR_3DE_1L_1S"]
[Site "?"]
[Date "2007.??.??"]
[Round "?"]
[White "Blecha, Miroslav"]
[Black "Hybl, Vladislav"]
[Result "1/2-1/2"]
[WhiteElo "2227"]
[BlackElo "2303"]
[Annotator "043"]
[PlyCount "42"]
[EventDate "2007.??.??"]
[EventType "corr"]
[EventRounds "1"]
[SourceDate "2007.01.28"]

1. e4 e5 2. Nf3 Nc6 3. Bb5 a6 4. Ba4 Nf6 5. O-O Be7 6. Re1 b5 7. Bb3 O-O 8. a4
Bb7 9. d3 d6 10. Bd2 b4 11. c3 bxc3 12. Bxc3 Nb8 13. Nbd2 c5 14. Nc4 a5 15. Ne3
Nc6 16. Nd2 Nd4 17. Bc4 Bc6 18. Nb3 Qc7 19. Qd2 Bd8 20. Rf1 h6 21. Kh1 Re8
1/2-1/2

[Event "2MCR_3DE_1L_1S"]
[Site "?"]
[Date "2007.??.??"]
[Round "?"]
[White "Contos, Vaclav"]
[Black "Blecha, Miroslav"]
[Result "1-0"]
[WhiteElo "2200"]
[BlackElo "2227"]
[Annotator "044"]
[PlyCount "61"]
[EventDate "2007.??.??"]
[EventType "corr"]
[EventRounds "1"]
[SourceDate "2007.01.28"]

1. e4 c5 2. c3 d5 3. exd5 Qxd5 4. d4 Nf6 5. Nf3 e6 6. Be2 Nc6 7. O-O cxd4 8.
Nxd4 Nxd4 9. cxd4 Be7 10. Nc3 Qd6 11. Bf3 O-O 12. Be3 Bd7 13. d5 Rfd8 14. Re1
e5 15. Rc1 h6 16. h3 Qb4 17. Qc2 Bd6 18. g4 Qa5 19. Qd2 Bb4 20. g5 hxg5 21.
Bxg5 Qa6 22. a3 Bxc3 23. Rxc3 Qd6 24. Bg2 Rac8 25. Rf3 e4 26. Rxf6 gxf6 27.
Bxe4 f5 28. Re3 f6 29. Rg3 Kf7 30. Bf4 Qc5 31. Bf3 1-0

[Event "2MCR_3DE_1L_1S"]
[Site "?"]
[Date "2007.??.??"]
[Round "?"]
[White "Jandovsky, Viktor"]
[Black "Vozda, Jindrich"]
[Result "1/2-1/2"]
[WhiteElo "2275"]
[BlackElo "2469"]
[Annotator "045"]
[PlyCount "62"]
[EventDate "2007.??.??"]
[EventType "corr"]
[EventRounds "1"]
[SourceDate "2007.01.28"]

1. e4 e5 2. Nf3 Nc6 3. Bb5 a6 4. Ba4 Nf6 5. O-O b5 6. Bb3 Bc5 7. a4 Bb7 8. d3
b4 9. c3 d6 10. d4 exd4 11. cxd4 Bb6 12. Bg5 Na5 13. Nbd2 h6 14. Bxf6 Qxf6 15.
Nc4 Nxc4 16. Bxc4 a5 17. Re1 O-O 18. Qd3 Rad8 19. Bd5 Bxd5 20. exd5 Rfe8 21.
Re3 Qg6 22. Qxg6 fxg6 23. g4 Rf8 24. Kg2 Rf4 25. Kg3 Rdf8 26. Rd1 g5 27. h3 g6
28. Rdd3 R8f7 29. b3 Kf8 30. Re6 Kg7 31. Re2 R4f6 1/2-1/2

[Event "2MCR_3DE_1L_1S"]
[Site "?"]
[Date "2007.??.??"]
[Round "?"]
[White "Straka, Zdenek"]
[Black "Soucha, Stepan"]
[Result "1/2-1/2"]
[WhiteElo "2398"]
[BlackElo "2355"]
[Annotator "046"]
[PlyCount "47"]
[EventDate "2007.??.??"]
[EventType "corr"]
[EventRounds "1"]
[SourceDate "2007.01.28"]

1. d4 Nf6 2. c4 e6 3. Nc3 Bb4 4. e3 O-O 5. Nf3 c5 6. Bd3 d5 7. O-O dxc4 8. Bxc4
Nbd7 9. Qe2 b6 10. Rd1 cxd4 11. exd4 Bxc3 12. bxc3 Qc7 13. Bd2 Bb7 14. Bd3 Rfe8
15. Re1 Rac8 16. Rac1 Qd6 17. Ne5 Nxe5 18. Qxe5 Qxe5 19. Rxe5 Rc7 20. Bf4 Rec8
21. Re3 Rd7 22. Ree1 Nd5 23. Bd2 h6 24. Bb5 1/2-1/2

[Event "2MCR_3DE_1L_2S"]
[Site "?"]
[Date "2007.??.??"]
[Round "?"]
[White "Pravec, Ladislav"]
[Black "Glaser, Karel"]
[Result "1/2-1/2"]
[WhiteElo "2352"]
[BlackElo "2200"]
[Annotator "041"]
[PlyCount "98"]
[EventDate "2007.??.??"]
[EventType "corr"]
[EventRounds "1"]
[SourceDate "2007.01.28"]

1. d4 Nf6 2. c4 e6 3. Nf3 d5 4. Nc3 c6 5. e3 Nbd7 6. Bd3 dxc4 7. Bxc4 b5 8. Bd3
a6 9. e4 c5 10. e5 cxd4 11. Nxb5 Nxe5 12. Nxe5 axb5 13. Bxb5+ Bd7 14. Nxd7 Qa5+
15. Bd2 Qxb5 16. Nxf8 Kxf8 17. b3 Ke7 18. a4 Qe5+ 19. Qe2 Qxe2+ 20. Kxe2 Ne4
21. Rhb1 Rhc8 22. Rb2 e5 23. a5 Rcb8 24. b4 Rb5 25. f3 Nxd2 26. Kxd2 Kd6 27. g4
f6 28. Kd3 Kd5 29. Ra4 g6 30. a6 Ra7 31. Rc2 f5 32. Re2 Kd6 33. gxf5 gxf5 34.
f4 exf4 35. Rf2 Rb6 36. Rfa2 Kc6 37. Kxd4 Rb5 38. Kd3 Re7 39. Ra5 Rxa5 40. Rxa5
Kb6 41. Rxf5 Kxa6 42. h4 f3 43. Rxf3 Kb5 44. Kc3 Re5 45. Rg3 h6 46. Rf3 Rd5 47.
Rf4 Rh5 48. Kd3 Rd5+ 49. Ke4 Kc4 1/2-1/2

[Event "2MCR_3DE_1L_3S"]
[Site "?"]
[Date "2007.??.??"]
[Round "?"]
[White "Fric, Pavel"]
[Black "Ryska, Jiri"]
[Result "1-0"]
[WhiteElo "2184"]
[BlackElo "2072"]
[Annotator "042 - PCL"]
[PlyCount "60"]
[EventDate "2007.??.??"]
[EventType "corr"]
[EventRounds "1"]
[SourceDate "2007.01.28"]

1. d4 Nf6 2. c4 Nc6 3. Nf3 e6 4. a3 d5 5. Nc3 Be7 6. Bf4 Nh5 7. Bd2 dxc4 8. e4
O-O 9. Be3 Na5 10. Nd2 Nf6 11. Nxc4 Nxc4 12. Bxc4 c6 13. O-O Qc7 14. Rc1 e5 15.
d5 Ng4 16. Bd2 Nf6 17. h3 Bd7 18. Qf3 c5 19. Be2 a6 20. Nd1 Rfc8 21. Ne3 b5 22.
b3 Ne8 23. Qg3 Nf6 24. Bf3 Bd6 25. Rc2 Qd8 26. Rfc1 Qe7 27. a4 Qd8 28. Bc3 Qc7
29. h4 h6 30. Bb4 Qb6 1-0

[Event "2MCR_3DE_1L_2S"]
[Site "?"]
[Date "2007.??.??"]
[Round "?"]
[White "Houska, Jiri"]
[Black "Bares, Jiri"]
[Result "1-0"]
[WhiteElo "2244"]
[BlackElo "2214"]
[Annotator "042"]
[PlyCount "75"]
[EventDate "2007.??.??"]
[EventType "corr"]
[EventRounds "1"]
[SourceDate "2007.01.28"]

1. e4 c5 2. Nf3 d6 3. d4 cxd4 4. Nxd4 Nf6 5. Nc3 a6 6. Be3 e5 7. Nb3 Be6 8. f3
Be7 9. Qd2 O-O 10. O-O-O Nbd7 11. g4 b5 12. g5 b4 13. Ne2 Nh5 14. Ng3 Nf4 15.
h4 a5 16. Kb1 a4 17. Nd4 exd4 18. Bxf4 g6 19. Ne2 d3 20. cxd3 Nc5 21. Nd4 Bxa2+
22. Kxa2 b3+ 23. Kb1 a3 24. Nc6 Qc7 25. d4 Nxe4 26. fxe4 Qxc6 27. d5 Qd7 28.
Bh3 Qb5 29. Qd3 Qa5 30. Qc3 Qa4 31. Rd4 Qa7 32. Bc1 Rfb8 33. bxa3 Bf8 34. Bb2
Bg7 35. Rhd1 Rb6 36. Bd7 Ra6 37. Bc6 Rb8 38. a4 1-0

[Event "2MCR_3DE_1L_3S"]
[Site "?"]
[Date "2007.??.??"]
[Round "?"]
[White "Tomisek, Petr"]
[Black "Krouzel, Jaroslav"]
[Result "1/2-1/2"]
[WhiteElo "2186"]
[BlackElo "2298"]
[Annotator "043"]
[PlyCount "35"]
[EventDate "2007.??.??"]
[EventType "corr"]
[EventRounds "1"]
[SourceDate "2007.01.28"]

1. e4 e6 2. d4 d5 3. Nc3 Bb4 4. e5 c5 5. dxc5 Nc6 6. Nf3 d4 7. a3 Ba5 8. b4
dxc3 9. bxa5 Qxd1+ 10. Kxd1 Nxa5 11. Nd4 Bd7 12. Ne2 Rc8 13. Be3 Ne7 14. Nxc3
Nf5 15. Ne4 Nxe3+ 16. fxe3 Ke7 17. Rb1 Rc7 18. Bb5 1/2-1/2

[Event "2MCR_3DE_1L_3S"]
[Site "?"]
[Date "2007.??.??"]
[Round "?"]
[White "Janocko, Petr"]
[Black "Tomisek, Petr"]
[Result "1/2-1/2"]
[WhiteElo "2177"]
[BlackElo "2186"]
[Annotator "044"]
[PlyCount "70"]
[EventDate "2007.??.??"]
[EventType "corr"]
[EventRounds "1"]
[SourceDate "2007.01.28"]

1. e4 e5 2. Nf3 Nc6 3. Bb5 f5 4. Nc3 fxe4 5. Nxe4 d5 6. Nxe5 dxe4 7. Nxc6 Qg5
8. Qe2 Nf6 9. f4 Qxf4 10. Ne5+ c6 11. d4 Qh4+ 12. g3 Qh3 13. Bc4 Be6 14. Bg5
Bd6 15. O-O-O O-O-O 16. a4 Rhf8 17. a5 Qf5 18. Bf4 Bxc4 19. Qxc4 Bxe5 20. Bxe5
Ng4 21. a6 Nxe5 22. dxe5 Qxe5 23. Rhe1 Rxd1+ 24. Rxd1 Qe7 25. Re1 Re8 26. axb7+
Kxb7 27. Re3 Qg5 28. Qd4 Ka8 29. Kb1 Qe7 30. h4 h5 31. Ra3 g6 32. Qb6 Rc8 33.
Qd4 Rf8 34. Re3 Qe6 35. Rb3 Qd5 1/2-1/2

[Event "2MCR_3DE_1L_3S"]
[Site "?"]
[Date "2007.??.??"]
[Round "?"]
[White "Schwarz, Jan"]
[Black "Mezera, Lukas"]
[Result "1/2-1/2"]
[WhiteElo "2266"]
[BlackElo "2285"]
[Annotator "045"]
[PlyCount "68"]
[EventDate "2007.??.??"]
[EventType "corr"]
[EventRounds "1"]
[SourceDate "2007.01.28"]

1. d4 Nf6 2. c4 c5 3. d5 e6 4. Nc3 exd5 5. cxd5 d6 6. e4 g6 7. h3 Bg7 8. Nf3
O-O 9. Bd3 b5 10. Nxb5 Re8 11. O-O Nxe4 12. Qb3 a6 13. Nc3 Nxc3 14. bxc3 Nd7
15. Bg5 f6 16. Be3 Ne5 17. Nxe5 fxe5 18. Rab1 Bf5 19. Qc2 e4 20. Be2 Qa5 21.
Rfc1 Be5 22. Qd2 Rab8 23. Rb3 Rb6 24. Bf4 Rxb3 25. axb3 Bxf4 26. Qxf4 Qa2 27.
Bc4 e3 28. fxe3 Qd2 29. Ra1 Be4 30. Qg3 Bxd5 31. Bxd5+ Qxd5 32. c4 Qd3 33. Rxa6
Qxb3 34. Qxd6 Qxe3+ 1/2-1/2

[Event "2MCR_3DE_1L_3S"]
[Site "?"]
[Date "2007.??.??"]
[Round "?"]
[White "Pytlik, Lesek"]
[Black "Ryska, Jiri"]
[Result "1-0"]
[WhiteElo "2382"]
[BlackElo "2072"]
[Annotator "046"]
[PlyCount "75"]
[EventDate "2007.??.??"]
[EventType "corr"]
[EventRounds "1"]
[SourceDate "2007.01.28"]

1. e4 e5 2. Nf3 Nc6 3. Nc3 Nf6 4. d4 exd4 5. Nxd4 Bb4 6. Nxc6 bxc6 7. Bd3 d5 8.
exd5 cxd5 9. O-O O-O 10. Bg5 Be6 11. Nb5 c5 12. a3 Ba5 13. b4 cxb4 14. Qe1 Bb6
15. axb4 h6 16. Bh4 Re8 17. Qe5 Ng4 18. Bxd8 Nxe5 19. Bxb6 axb6 20. Be2 Rxa1
21. Rxa1 Rc8 22. f4 Bg4 23. Bf1 Nc4 24. Nd4 g6 25. h3 Bd7 26. Ra7 Bf5 27. Nxf5
gxf5 28. Bd3 Ne3 29. Rb7 Rc6 30. b5 Re6 31. Kf2 Kg7 32. Kf3 h5 33. Rxb6 Rxb6
34. Kxe3 Kf6 35. Kd4 Ke6 36. Kc5 Rb8 37. b6 Rc8+ 38. Kb5 1-0

[Event "2MCR_3DE_1L_1S"]
[Site "?"]
[Date "2007.??.??"]
[Round "?"]
[White "Lounek, Jan"]
[Black "Vozda, Jindrich"]
[Result "1/2-1/2"]
[WhiteElo "2425"]
[BlackElo "2469"]
[Annotator "047"]
[PlyCount "75"]
[EventDate "2007.??.??"]
[EventType "corr"]
[EventRounds "1"]
[SourceDate "2007.01.28"]

1. e4 e5 2. Nf3 Nc6 3. Bb5 a6 4. Ba4 Nf6 5. O-O b5 6. Bb3 Bc5 7. a4 Bb7 8. d3
b4 9. Be3 Bb6 10. Nbd2 d6 11. Nc4 Bxe3 12. Nxe3 O-O 13. c3 Rb8 14. Qc2 Bc8 15.
Bd5 Nxd5 16. exd5 Ne7 17. d4 f6 18. cxb4 Rxb4 19. Rac1 Rb7 20. b3 Ng6 21. h4
Nf4 22. g3 e4 23. gxf4 exf3 24. Qd1 Qd7 25. Qxf3 Rxb3 26. Rc6 Rb7 27. Rfc1 a5
28. h5 Ra7 29. f5 Rf7 30. Kh2 h6 31. Qg3 Qe8 32. Qg6 Qe4 33. Kg3 Bd7 34. Ng4
Kf8 35. Qh7 Re7 36. Qh8+ Kf7 37. Nxh6+ gxh6 38. Qh7+ 1/2-1/2

[Event "2MCR_3DE_1L_2S"]
[Site "?"]
[Date "2007.??.??"]
[Round "?"]
[White "Bares, Jiri"]
[Black "Alexa, Jaroslav"]
[Result "1/2-1/2"]
[WhiteElo "2214"]
[BlackElo "2374"]
[Annotator "043"]
[PlyCount "58"]
[EventDate "2007.??.??"]
[EventType "corr"]
[EventRounds "1"]
[SourceDate "2007.01.28"]

1. d4 Nf6 2. c4 e6 3. Nf3 b6 4. Nc3 Bb7 5. a3 d5 6. cxd5 Nxd5 7. Qc2 Nxc3 8.
bxc3 Be7 9. e4 O-O 10. Bd3 c5 11. O-O Qc8 12. Qe2 Ba6 13. Rd1 Bxd3 14. Rxd3 Nd7
15. e5 cxd4 16. cxd4 Qc4 17. Bg5 Bd8 18. Rc1 Qd5 19. Bxd8 Rfxd8 20. Rdc3 Nf8
21. h4 Ng6 22. h5 Ne7 23. Rc7 Nf5 24. Qc4 h6 25. Qxd5 Rxd5 26. R1c4 b5 27. R4c5
Rad8 28. Rxd5 Rxd5 29. Rxa7 Nxd4 1/2-1/2

[Event "2MCR_3DE_1L_3S"]
[Site "?"]
[Date "2007.??.??"]
[Round "?"]
[White "Tomisek, Petr"]
[Black "Ryska, Jiri"]
[Result "1-0"]
[WhiteElo "2186"]
[BlackElo "2072"]
[Annotator "047"]
[PlyCount "79"]
[EventDate "2007.??.??"]
[EventType "corr"]
[EventRounds "1"]
[SourceDate "2007.01.28"]

1. e4 c6 2. Nc3 d5 3. Qf3 d4 4. Bc4 Nf6 5. e5 Nbd7 6. exf6 Ne5 7. Qg3 exf6 8.
Bb3 dxc3 9. dxc3 a5 10. a4 Be6 11. Bxe6 fxe6 12. Be3 Qd5 13. Rd1 Qe4 14. Nf3
Nxf3+ 15. gxf3 Qg6 16. Qc7 Qf7 17. Qb6 g5 18. Rd3 Bg7 19. O-O O-O 20. Bc5 Rfe8
21. Rfd1 Ra6 22. Qb3 e5 23. c4 Raa8 24. Rd7 Qg6 25. Rxb7 g4 26. fxg4 Rad8 27.
Rxd8 Rxd8 28. Qf3 Qxc2 29. h3 Qxc4 30. Qxc6 Bh6 31. Rd7 Rxd7 32. Qc8+ Kf7 33.
Qxd7+ Kg6 34. Qf5+ Kg7 35. Bf8+ Kxf8 36. Qxf6+ Kg8 37. Qxh6 Qxa4 38. Qe6+ Kf8
39. Qxe5 Kf7 40. Kg2 1-0

[Event "2MCR_3DE_1L_1S"]
[Site "?"]
[Date "2007.??.??"]
[Round "?"]
[White "Blecha, Miroslav"]
[Black "Novak, Vratislav"]
[Result "1-0"]
[WhiteElo "2227"]
[BlackElo "2292"]
[Annotator "048"]
[PlyCount "99"]
[EventDate "2007.??.??"]
[EventType "corr"]
[EventRounds "1"]
[SourceDate "2007.01.28"]

1. e4 e5 2. Nf3 Nc6 3. Bb5 a6 4. Ba4 Nf6 5. O-O Be7 6. Re1 b5 7. Bb3 d6 8. c3
O-O 9. h3 Bb7 10. d4 Re8 11. Nbd2 Bf8 12. a4 Na5 13. Bc2 c5 14. d5 c4 15. b4
cxb3 16. Nxb3 Nxb3 17. Bxb3 Nd7 18. c4 Nc5 19. axb5 axb5 20. Rxa8 Qxa8 21. cxb5
f5 22. exf5 Nxb3 23. Qxb3 Bxd5 24. Qd3 Rc8 25. Ng5 Bc4 26. Qd1 Qa5 27. f6 g6
28. Be3 Qxb5 29. Qg4 Qb7 30. Ra1 h5 31. Qd1 Ra8 32. Rxa8 Qxa8 33. Qc2 Bf7 34.
Qc7 Qd5 35. h4 Qd1+ 36. Kh2 Qb3 37. Qd7 Qc4 38. Kg1 Qb3 39. Bc1 Qd5 40. Ba3 Qc4
41. g3 Qd5 42. Bxd6 Bxd6 43. Nxf7 Qxf7 44. Qxd6 e4 45. Kf1 Qc4+ 46. Kg2 Qf7 47.
Qd8+ Qf8 48. Qd5+ Qf7 49. Qa8+ Qf8 50. Qc6 1-0

[Event "2MCR_3DE_1L_2S"]
[Site "?"]
[Date "2007.??.??"]
[Round "?"]
[White "Alexa, Jaroslav"]
[Black "Valak, Alois"]
[Result "1/2-1/2"]
[WhiteElo "2374"]
[BlackElo "2353"]
[Annotator "044"]
[PlyCount "73"]
[EventDate "2007.??.??"]
[EventType "corr"]
[EventRounds "1"]
[SourceDate "2007.01.28"]

1. d4 Nf6 2. Nf3 d5 3. c4 e6 4. Nc3 c6 5. Bg5 h6 6. Bh4 dxc4 7. e4 g5 8. Bg3 b5
9. Be2 Bb7 10. h4 Rg8 11. hxg5 hxg5 12. Qc2 Nbd7 13. O-O-O Bb4 14. Ne5 Bxc3 15.
bxc3 Qe7 16. a4 Nxe5 17. Bxe5 Nd7 18. Bg3 Nb6 19. a5 Na4 20. Kd2 c5 21. Bxc4 a6
22. Bb3 cxd4 23. Bxa4 Rc8 24. Ke1 Rxc3 25. Qd2 Qc5 26. Qxd4 Qxd4 27. Rxd4 bxa4
28. Kd2 Rc5 29. f3 e5 30. Rxa4 Ke7 31. Be1 Bc6 32. Ra3 Bb5 33. Rc3 Rd8+ 34. Kc1
Rxc3+ 35. Bxc3 Ke6 36. Bb4 Rd7 37. Bd2 1/2-1/2

[Event "2MCR_3DE_1L_3S"]
[Site "?"]
[Date "2007.??.??"]
[Round "?"]
[White "Vojtek, Frantisek"]
[Black "Tomisek, Petr"]
[Result "1/2-1/2"]
[WhiteElo "2196"]
[BlackElo "2186"]
[Annotator "048"]
[PlyCount "56"]
[EventDate "2007.??.??"]
[EventType "corr"]
[EventRounds "1"]
[SourceDate "2007.01.28"]

1. e4 e5 2. Nf3 Nc6 3. Bb5 f5 4. Nc3 fxe4 5. Nxe4 d5 6. Nxe5 dxe4 7. Nxc6 Qg5
8. Qe2 Nf6 9. f4 Qxf4 10. Ne5+ c6 11. d4 Qh4+ 12. g3 Qh3 13. Bc4 Be6 14. Bf4
Bd6 15. O-O-O O-O-O 16. Kb1 Rhe8 17. Rhf1 Re7 18. Bb3 Bxb3 19. axb3 Qe6 20. h4
Ree8 21. Qd2 Bc7 22. Qb4 Rd5 23. c4 Ra5 24. Qd2 Ra6 25. b4 Rb6 26. Qc3 Qe7 27.
b5 cxb5 28. cxb5 Kb8 1/2-1/2

[Event "2MCR_3DE_1L_2S"]
[Site "?"]
[Date "2007.??.??"]
[Round "?"]
[White "Hala, Martin"]
[Black "Mikoska, Josef"]
[Result "0-1"]
[WhiteElo "2368"]
[BlackElo "2169"]
[Annotator "045"]
[PlyCount "60"]
[EventDate "2007.??.??"]
[EventType "corr"]
[EventRounds "1"]
[SourceDate "2007.01.28"]

1. e4 e5 2. Nf3 Nc6 3. Bb5 a6 4. Ba4 Nf6 5. O-O Bc5 6. c3 b5 7. Bb3 d6 8. a4
Bg4 9. h3 Bh5 10. d3 Rb8 11. axb5 axb5 12. g4 Bg6 13. Re1 Qd7 14. d4 Bb6 15.
dxe5 Nxe5 16. Nxe5 dxe5 17. Qf3 h6 18. Bc2 Qe6 19. Be3 O-O 20. Nd2 Rfd8 21. Qe2
h5 22. g5 Nh7 23. Kh2 h4 24. Rg1 Nf8 25. Rad1 Bxe3 26. fxe3 Qa2 27. Rb1 b4 28.
c4 b3 29. Bd3 Ne6 30. Nf3 Nc5 0-1

[Event "2MCR_3DE_1L_3S"]
[Site "?"]
[Date "2007.??.??"]
[Round "?"]
[White "Nigrin, Jiri"]
[Black "Vojtek, Frantisek"]
[Result "1/2-1/2"]
[WhiteElo "2002"]
[BlackElo "2196"]
[Annotator "049"]
[PlyCount "74"]
[EventDate "2007.??.??"]
[EventType "corr"]
[EventRounds "1"]
[SourceDate "2007.01.28"]

1. e4 e5 2. Nf3 Nc6 3. Bb5 a6 4. Ba4 Nf6 5. d4 exd4 6. O-O Be7 7. e5 Ne4 8.
Nxd4 O-O 9. Nf5 d5 10. Bxc6 bxc6 11. Nxe7+ Qxe7 12. Re1 Re8 13. f3 Nd6 14. b3
f6 15. Bb2 Nf7 16. f4 fxe5 17. fxe5 Bf5 18. Qd4 Ng5 19. Nd2 Rf8 20. Rf1 Ne6 21.
Qc3 c5 22. Rf2 Bg4 23. Raf1 Rxf2 24. Rxf2 Rf8 25. Nf3 Qd7 26. h3 Bf5 27. Ba3
Qb5 28. Qd2 h6 29. Qxd5 Rd8 30. Qc4 Rd1+ 31. Rf1 Rxf1+ 32. Kxf1 Bxc2 33. Kf2
Qxc4 34. bxc4 Bb1 35. Nd2 Bxa2 36. Ke3 a5 37. g3 Kf7 1/2-1/2

[Event "2MCR_3DE_1L_2S"]
[Site "?"]
[Date "2007.??.??"]
[Round "?"]
[White "Pravec, Ladislav"]
[Black "Pecka, Josef"]
[Result "1/2-1/2"]
[WhiteElo "2352"]
[BlackElo "2290"]
[Annotator "046"]
[PlyCount "66"]
[EventDate "2007.??.??"]
[EventType "corr"]
[EventRounds "1"]
[SourceDate "2007.01.28"]

1. d4 d5 2. c4 c6 3. Nf3 Nf6 4. Nc3 dxc4 5. a4 Bf5 6. e3 e6 7. Bxc4 Bb4 8. O-O
O-O 9. Qe2 Nbd7 10. e4 Bg6 11. Bd3 Bh5 12. e5 Nd5 13. Ne4 Be7 14. Ng3 Bg6 15.
Bxg6 hxg6 16. Qe4 c5 17. Ne2 Rc8 18. Rd1 cxd4 19. Nexd4 Qc7 20. Bd2 Rfd8 21. b3
Nc5 22. Qe2 Qd7 23. Rac1 Na6 24. Ba5 Rxc1 25. Rxc1 Rc8 26. Rxc8+ Qxc8 27. g3
Nab4 28. Kg2 a6 29. Qe4 Nc3 30. Qe1 Qc5 31. Bxb4 Qxb4 32. Qd2 Qc5 33. Qd3 Na2
1/2-1/2

[Event "2MCR_3DE_1L_1S"]
[Site "?"]
[Date "2007.??.??"]
[Round "?"]
[White "Svoboda, Frantisek"]
[Black "Novak, Vratislav"]
[Result "1/2-1/2"]
[WhiteElo "2388"]
[BlackElo "2292"]
[Annotator "049"]
[PlyCount "63"]
[EventDate "2007.??.??"]
[EventType "corr"]
[EventRounds "1"]
[SourceDate "2007.01.28"]

1. c4 e6 2. Nc3 d5 3. d4 Nf6 4. Nf3 c6 5. Bg5 h6 6. Bxf6 Qxf6 7. e3 Nd7 8. Bd3
g6 9. O-O Bg7 10. cxd5 exd5 11. b4 Qd6 12. Qb3 Nb6 13. a4 Be6 14. a5 Nd7 15. h3
O-O 16. Rfc1 Rfe8 17. Ne2 a6 18. Nf4 Nf6 19. Nxe6 Qxe6 20. Ne5 Nh7 21. f4 f6
22. Nxg6 Qxe3+ 23. Kh2 Qxd4 24. Rf1 f5 25. Rae1 Qf6 26. Ne5 Nf8 27. Qb1 Qd6 28.
Kh1 Ng6 29. Nxg6 Qxg6 30. Bxf5 Rxe1 31. Rxe1 Qg3 32. Be6+ 1/2-1/2

[Event "2MCR_3DE_1L_3S"]
[Site "?"]
[Date "2007.??.??"]
[Round "?"]
[White "Tomisek, Petr"]
[Black "Splichal, Josef"]
[Result "1-0"]
[WhiteElo "2186"]
[BlackElo "2168"]
[Annotator "050"]
[PlyCount "91"]
[EventDate "2007.??.??"]
[EventType "corr"]
[EventRounds "1"]
[SourceDate "2007.01.28"]

1. e4 e5 2. Bc4 Nf6 3. Nc3 Bc5 4. d3 O-O 5. f4 d5 6. Nxd5 Nxd5 7. Bxd5 c6 8.
Bb3 a5 9. c3 Bxg1 10. Rxg1 Qh4+ 11. g3 Qxh2 12. Be3 Qxb2 13. Rc1 a4 14. Bxa4
Be6 15. Bb3 exf4 16. gxf4 Bxb3 17. axb3 Ra2 18. Qg4 g6 19. Kf1 Ra1 20. Qd1 Ra2
21. Qg4 Ra1 22. Qd1 Rxc1 23. Qxc1 Qxb3 24. Rg2 b5 25. f5 Rd8 26. Rd2 Nd7 27.
Qa1 c5 28. Bh6 c4 29. Kg2 cxd3 30. c4 f6 31. Qa5 Rb8 32. Qc7 bxc4 33. Qxd7 Qb7
34. Qd4 Qc6 35. Kh3 Kf7 36. Qa7+ Qb7 37. Qc5 Rc8 38. Qd4 Ke7 39. Bg5 Qc6 40.
Rb2 fxg5 41. Rb7+ Rc7 42. Rb6 gxf5 43. Rxc6 Rxc6 44. exf5 Rh6+ 45. Kg3 Rf6 46.
Qe5+ 1-0

[Event "2MCR_3DE_1L_2S"]
[Site "?"]
[Date "2007.??.??"]
[Round "?"]
[White "Hala, Martin"]
[Black "Glaser, Karel"]
[Result "1/2-1/2"]
[WhiteElo "2368"]
[BlackElo "2200"]
[Annotator "047"]
[PlyCount "84"]
[EventDate "2007.??.??"]
[EventType "corr"]
[EventRounds "1"]
[SourceDate "2007.01.28"]

1. e4 e5 2. Nf3 Nc6 3. Bb5 a6 4. Ba4 Nf6 5. O-O Be7 6. Re1 b5 7. Bb3 O-O 8. c3
d6 9. h3 Na5 10. Bc2 c5 11. d4 Qc7 12. Nbd2 cxd4 13. cxd4 Nc6 14. Nb3 a5 15.
Be3 a4 16. Nbd2 Bd7 17. Rc1 Qb7 18. Qe2 Rfc8 19. Bb1 Rc7 20. a3 Rac8 21. Rcd1
exd4 22. Nxd4 Ne5 23. f4 Nc4 24. Nxc4 bxc4 25. Bf2 d5 26. exd5 Bf8 27. Nf5 Nxd5
28. Qf3 Nf6 29. Qc3 Nd5 30. Qg3 g6 31. Qg5 f6 32. Nh6+ Bxh6 33. Qxh6 Bf5 34.
Bxf5 gxf5 35. Rd4 Rg7 36. g3 Kh8 37. Qh5 Ne7 38. Qe2 c3 39. bxc3 Rxc3 40. Rd3
Qb3 41. Rxc3 Qxc3 42. Qe3 Nd5 1/2-1/2

[Event "2MCR_3DE_1L_2S"]
[Site "?"]
[Date "2007.??.??"]
[Round "?"]
[White "Houska, Jiri"]
[Black "Prochazka, Dalibor"]
[Result "1-0"]
[WhiteElo "2244"]
[BlackElo "2200"]
[Annotator "048"]
[PlyCount "89"]
[EventDate "2007.??.??"]
[EventType "corr"]
[EventRounds "1"]
[SourceDate "2007.01.28"]

1. e4 d5 2. exd5 Qxd5 3. Nc3 Qa5 4. d4 Nf6 5. Nf3 Ne4 6. Bd3 Nxc3 7. bxc3 g6 8.
O-O Bg7 9. Re1 O-O 10. Rxe7 Nc6 11. Re3 Qxc3 12. Bd2 Qb2 13. c3 Qa3 14. d5 Nb8
15. c4 Qd6 16. Rb1 Na6 17. Ng5 Qd8 18. Rg3 Nc5 19. Bc2 b6 20. Nxh7 Kxh7 21.
Qh5+ Kg8 22. Bc3 Qd6 23. Bxg6 fxg6 24. Rxg6 Qxg6 25. Qxg6 Rf7 26. Bxg7 Bf5 27.
Qh5 Kxg7 28. Re1 Rh8 29. Qg5+ Kf8 30. g4 Bd7 31. f3 Ba4 32. Re5 Nb7 33. c5 bxc5
34. Rf5 Nd6 35. Rxf7+ Nxf7 36. Qf4 Bb5 37. Qxc7 a6 38. Qxc5+ Kg7 39. a4 Bd7 40.
Qe7 Bxa4 41. g5 Bc2 42. Qf6+ Kg8 43. d6 Rh7 44. d7 Rg7 45. h4 1-0